书目信息 |
| 题名: |
川大史学
|
|
| 作者: | 何一民 主编 | |
| 分册: | 第二辑 城市史卷 | |
| 出版信息: | 成都 四川大学出版社 2016 |
|
| 页数: | 458页 | |
| 开本: | 21cm | |
| 丛书名: | ||
| 单 册: | ||
| 中图分类: | K0-53 , K928.5-53 | |
| 科图分类: | ||
| 主题词: | 史学--shi xue--文集 , 城市史--cheng shi shi--中国--文集 | |
| 电子资源: | ||
| ISBN: | 978-7-5614-9859-0 | |
| 000 | 01013nam0 22002651 450 | |
| 001 | 1752589578 | |
| 005 | 20170602161306.0 | |
| 010 | @a978-7-5614-9859-0@dCNY37.00 | |
| 100 | @a20161117d2016 em y0chiy50 ea | |
| 101 | 0 | @achi |
| 102 | @aCN@b510000 | |
| 105 | @aab z 000yy | |
| 106 | @ar | |
| 200 | 1 | @a川大史学@Achuan da shi xue@h第二辑@i城市史卷@f何一民主编 |
| 210 | @a成都@c四川大学出版社@d2016 | |
| 215 | @a458页@c图,地图@d21cm | |
| 304 | @a英文共同题名:Historical studies at Sichuan University collection II: 2006-2016 | |
| 330 | @a本书主要收集了从2006年至2016年十年间四川大学的老师、科研人员有关中外城市历史研究的文章,共18篇论文,主要涉及中国城市起源研究,古代和近现代城市发展研究,不同区域城市发展变迁研究,以及西方中世纪城市发展研究。 | |
| 606 | 0 | @a史学@Ashi xue@j文集 |
| 606 | 0 | @a城市史@Acheng shi shi@y中国@j文集 |
| 690 | @aK0-53@v5 | |
| 690 | @aK928.5-53@v5 | |
| 701 | 0 | @a何一民@Ahe yi min@f(1953~)@4主编 |
| 801 | 0 | @aCN@bTANG WEI@c20170601 |
| 905 | @b0971918-22@dK0-53@e117@f5 | |
| 川大史学.第二辑.城市史卷/何一民主编.-成都:四川大学出版社,2016 |
| 458页:图,地图;21cm |
| ISBN 978-7-5614-9859-0:CNY37.00 |
| 本书主要收集了从2006年至2016年十年间四川大学的老师、科研人员有关中外城市历史研究的文章,共18篇论文,主要涉及中国城市起源研究,古代和近现代城市发展研究,不同区域城市发展变迁研究,以及西方中世纪城市发展研究。 |
| ● |
| 相关链接 |
|
|
|
|
正题名:川大史学
索取号:K0-53/117
 
预约/预借
| 序号 | 登录号 | 条形码 | 馆藏地/架位号 | 状态 | 备注 |
| 1 | 0971918 | 209719189 | 第二样本阅览室/ [索取号:K0-53/117] | 在馆 | |
| 2 | 0971919 | 209719198 | 密集书库-史法系/ [索取号:K0-53/117] | 在馆 | |
| 3 | 0971920 | 209719205 | 第二借阅区/ [索取号:K0-53/117] | 在馆 | |
| 4 | 0971921 | 209719214 | 第二借阅区/ [索取号:K0-53/117] | 在馆 | |
| 5 | 0971922 | 209719223 | 第二借阅区/ [索取号:K0-53/117] | 在馆 |